000 00627nam a2200253Ia 4500
005 20260306153948.0
008 008 260114s9999 xx 000 0 eng d
020 _a9780511978777
037 _aEBOOK
040 _aCRL
040 _beng
040 _cCRL
041 _2eng
041 _aeng
084 _qCRL
100 _aBimber/Flanagin/Stohl
_91126589
245 0 _aCollective Action in Organizations 1st ed
260 _bCambridge University Press
260 _c2012
650 _aPolitical Science
856 _uhttps://doi.org/10.1017/CBO9780511978777
942 _cEBOOK
999 _c1705600
_d1705600